Groceries market investigation (Record no. 110106)
[ view plain ]
| 000 -LEADER | |
|---|---|
| fixed length control field | 01512cad a22002295a 4500 |
| 001 - CONTROL NUMBER | |
| control field | L148565 |
| 008 - FIXED-LENGTH DATA ELEMENTS--GENERAL INFORMATION | |
| fixed length control field | 091005e20091002xxk f 000 0 eng d |
| 035 ## - SYSTEM CONTROL NUMBER | |
| System control number | (Sirsi) u148565 |
| 041 0# - LANGUAGE CODE | |
| Language code of text/sound track or separate title | eng |
| 050 04 - LIBRARY OF CONGRESS CALL NUMBER | |
| Classification number | 711.552 $2 18 |
| 110 2# - MAIN ENTRY--CORPORATE NAME | |
| Corporate name or jurisdiction name as entry element | Competition Commission |
| 9 (RLIN) | 3770 |
| 245 00 - TITLE STATEMENT | |
| Title | Groceries market investigation |
| Remainder of title | remittal of the competition test by the Competition Appeal Tribunal: decision |
| Medium | [electronic resource] |
| 260 ## - PUBLICATION, DISTRIBUTION, ETC. | |
| Place of publication, distribution, etc. | London |
| Name of publisher, distributor, etc. | Competition Commission |
| Date of publication, distribution, etc. | 2009 |
| 505 2# - FORMATTED CONTENTS NOTE | |
| Formatted contents note | Summary -- Decision -- Remittal of the competition test -- Description of the adverse effect on competition and the remedies -- Our approach to reconsideration of the test -- Operation of the test -- Our assessment on the test -- Conclusion and revised recommendation -- Appendices: A. The competition test -- B. The market model -- C. Net present value model -- D. National effects |
| 520 ## - SUMMARY, ETC. | |
| Summary, etc. | Reports the decision of the Competition Commission on the groceries market. Follows an appeal from retailer Tesco against the recommendations given to the Government and the relevant administrations in the UK to implement a competition test in planning decisions on larger grocery stores. |
| 521 ## - TARGET AUDIENCE NOTE | |
| Target audience note | Advanced |
| 590 ## - LOCAL NOTE (RLIN) | |
| Local note | KA NTK |
| 651 #4 - SUBJECT ADDED ENTRY--GEOGRAPHIC NAME | |
| Geographic name | United Kingdom |
| Chronological subdivision | |
| 690 ## - LOCAL SUBJECT ADDED ENTRY--TOPICAL TERM (OCLC, RLIN) | |
| Topical term or geographic name as entry element | PROPERTY-COMMERCIAL PROPERTY-RETAIL PROPERTY |
| 856 40 - ELECTRONIC LOCATION AND ACCESS | |
| Uniform Resource Identifier | <a href="https://www.competition-commission.org.uk/inquiries/ref2009/groceries_remittal/final_decision.htm">https://www.competition-commission.org.uk/inquiries/ref2009/groceries_remittal/final_decision.htm</a> |
| Public note | View the decision free of charge at www.competition-commission.org.uk... |
| 942 ## - ADDED ENTRY ELEMENTS (KOHA) | |
| Suppress in OPAC | 0 |
| Withdrawn status | Lost status | Source of classification or shelving scheme | Damaged status | Not for loan | Home library | Current library | Shelving location | Date acquired | Total Checkouts | Full call number | Barcode | Date last seen | Copy number | Price effective from | Koha item type |
|---|---|---|---|---|---|---|---|---|---|---|---|---|---|---|---|
| Dewey Decimal Classification | Virtual | Virtual | Online | 05/10/2009 | ONLINE PUBLICATION | 148565-1001 | 06/08/2019 | 1 | 06/08/2019 | Book |